[Event "32. Copenhagen Open (Politiken Cup)"]
[Site "Elsinore"]
[Date "2010.08.08"]
[Round "10"]
[White "Eriksson, Christian Altenburg"]
[Black "Rej, Tomek"]
[Result "0-1"]
[WhiteElo "2128"]
[BlackElo "2334"]
[PlyCount "52"]
[EventDate "2010.07.31"]
[EventType "swiss"]
[EventRounds "10"]
[EventCountry "DEN"]
[Source "ChessBase"]
[SourceDate "2010.09.01"]

1. e4 e5 2. Nf3 Nc6 3. Bb5 a6 4. Bxc6 dxc6 5. O-O f6 6. d4 Bg4 7. c3 Bd6 8. Be3
Ne7 9. dxe5 fxe5 10. c4 Ng6 11. c5 Be7 12. Nbd2 O-O 13. Qe2 Qc8 14. h3 Be6 15.
Rac1 Kh8 16. Rfd1 Qe8 17. b3 Rd8 18. Nc4 Nf4 19. Bxf4 Rxd1+ 20. Rxd1 exf4 21.
b4 Qh5 22. Kf1 Kg8 23. Na5 g5 24. Nd4 f3 25. Nxf3 Bxh3 26. Ne1 Bxg2+ 0-1

[Event "32. Copenhagen Open (Politiken Cup)"]
[Site "Elsinore"]
[Date "2010.08.08"]
[Round "10"]
[White "Fyhn, Thomas Rossander"]
[Black "Petersen, Jan Han"]
[Result "1/2-1/2"]
[WhiteElo "1715"]
[BlackElo "1700"]
[PlyCount "124"]
[EventDate "2010.07.31"]
[EventType "swiss"]
[EventRounds "10"]
[EventCountry "DEN"]
[Source "ChessBase"]
[SourceDate "2010.09.01"]

1. d4 Nf6 2. Nc3 d5 3. Bg5 Bf5 4. f3 e6 5. e4 dxe4 6. fxe4 Bg6 7. e5 h6 8. Bh4
Bh5 9. Bxf6 gxf6 10. Qxh5 Qxd4 11. exf6 Bb4 12. Nge2 Bxc3+ 13. Nxc3 Qxf6 14.
O-O-O Nc6 15. Bd3 Qg5+ 16. Qxg5 hxg5 17. Ne4 Ke7 18. Rdf1 g4 19. Be2 f5 20. Nc3
Rh6 21. Re1 Rah8 22. h3 gxh3 23. gxh3 Rxh3 24. Nd5+ Kd6 25. Rxh3 Rxh3 26. Nf4
Rh2 27. Rd1+ Ke5 28. Nd3+ Kf6 29. Bf3 Nd4 30. Bxb7 Rxc2+ 31. Kb1 e5 32. Rc1
Rxc1+ 33. Kxc1 e4 34. Nf4 Ke5 35. Ng6+ Kf6 36. Nf4 Ke5 37. Ng2 f4 38. Kd2 e3+
39. Ke1 Nf5 40. Bc8 f3 41. Nxe3 Nxe3 42. b3 Kf4 43. Kf2 c5 44. Ba6 Ng4+ 45. Kf1
Ke3 46. Ke1 Ne5 47. a3 Nd3+ 48. Kf1 f2 49. b4 cxb4 50. Bxd3 Kxd3 51. axb4 Ke3
52. b5 Kd4 53. Kxf2 Kc4 54. Ke2 Kxb5 55. Kd2 Kb4 56. Kc2 Ka3 57. Kb1 Kb3 58.
Ka1 a5 59. Kb1 a4 60. Ka1 Kb4 61. Ka2 a3 62. Ka1 Kb3 1/2-1/2

[Event "32. Copenhagen Open (Politiken Cup)"]
[Site "Elsinore"]
[Date "2010.08.08"]
[Round "10"]
[White "Greeuw, Sietske"]
[Black "Rasmussen, Henning Lau"]
[Result "1-0"]
[WhiteElo "1970"]
[BlackElo "1867"]
[PlyCount "59"]
[EventDate "2010.07.31"]
[EventType "swiss"]
[EventRounds "10"]
[EventCountry "DEN"]
[Source "ChessBase"]
[SourceDate "2010.09.01"]

1. d4 d5 2. Bg5 g6 3. e3 Bg7 4. c3 Nf6 5. Bd3 Nbd7 6. Nf3 c5 7. Nbd2 a6 8. O-O
O-O 9. Re1 b5 10. e4 dxe4 11. Nxe4 cxd4 12. Nxd4 Bb7 13. Qd2 Re8 14. Rad1 Qc7
15. f3 Rad8 16. Bh6 e5 17. Bxg7 Kxg7 18. Nf5+ Kh8 19. Qh6 Rg8 20. Nfd6 Rdf8 21.
Bc2 Bxe4 22. Bxe4 Nxe4 23. Nxe4 f6 24. Rd6 Rf7 25. Red1 Rgg7 26. Kh1 f5 27. Ng5
Re7 28. Ne6 Rxe6 29. Rxd7 Rxd7 30. Qf8# 1-0

[Event "32. Copenhagen Open (Politiken Cup)"]
[Site "Elsinore"]
[Date "2010.08.08"]
[Round "10"]
[White "Gupta, Sudhir Kumar"]
[Black "Hansen, Rene Rauer"]
[Result "0-1"]
[WhiteElo "1835"]
[BlackElo "2028"]
[PlyCount "128"]
[EventDate "2010.07.31"]
[EventType "swiss"]
[EventRounds "10"]
[EventCountry "DEN"]
[Source "ChessBase"]
[SourceDate "2010.09.01"]

1. d4 d5 2. c4 c6 3. e3 Nf6 4. Nf3 g6 5. Nc3 Bg7 6. Bd3 O-O 7. O-O Nbd7 8. Re1
Re8 9. e4 dxe4 10. Nxe4 Nxe4 11. Bxe4 Nf6 12. Bd3 Bg4 13. Be2 Bxf3 14. Bxf3 e6
15. Be3 Qc7 16. Qb3 Red8 17. Rac1 Qd7 18. Red1 h6 19. h3 Kh7 20. Bf4 Rac8 21.
Be5 h5 22. Rc3 Ne8 23. Bxg7 Nxg7 24. d5 cxd5 25. cxd5 Rxc3 26. Qxc3 Qe7 27. Re1
Qd7 28. dxe6 Nxe6 29. Rd1 Qe7 30. Rxd8 Nxd8 31. g3 Qd6 32. Qb3 b6 33. Qd1 Qf6
34. Kg2 a5 35. Qb3 Ne6 36. Qc2 h4 37. Qe4 hxg3 38. Kxg3 Qxb2 39. Qe3 Kg7 40.
Bd5 Qf6 41. Bxe6 Qxe6 42. Qc3+ Qf6 43. Qc2 Qe5+ 44. Kg2 b5 45. a3 b4 46. axb4
axb4 47. Kf1 g5 48. Qb3 Qe4 49. f3 Qd4 50. Ke2 Kf6 51. Qa2 Qc3 52. Qa6+ Kf5 53.
Qb7 Kf6 54. Qb6+ Kg7 55. Qd8 Qe5+ 56. Kd1 b3 57. Qd3 Qa1+ 58. Kd2 Qa2+ 59. Kc3
b2 60. Qd4+ Kh7 61. Qe4+ Kh6 62. Qc6+ Kg7 63. Qd6 b1=Q 64. Qe5+ Kh7 0-1

[Event "32. Copenhagen Open (Politiken Cup)"]
[Site "Elsinore"]
[Date "2010.08.08"]
[Round "10"]
[White "Hansen, Herluf"]
[Black "Rolvag, Birk Anders"]
[Result "1/2-1/2"]
[WhiteElo "2026"]
[BlackElo "1919"]
[PlyCount "58"]
[EventDate "2010.07.31"]
[EventType "swiss"]
[EventRounds "10"]
[EventCountry "DEN"]
[Source "ChessBase"]
[SourceDate "2010.09.01"]

1. Nf3 c5 2. c4 Nc6 3. b3 Nf6 4. Bb2 g6 5. g3 Bg7 6. Bg2 O-O 7. O-O d6 8. d3
Bd7 9. Nbd2 Rb8 10. Rb1 a6 11. Ng5 h6 12. Nge4 Nxe4 13. Nxe4 b5 14. Qc1 Nd4 15.
Re1 Bf5 16. Bxd4 cxd4 17. b4 bxc4 18. dxc4 Qc7 19. Rb3 Be6 20. Nd2 Rfc8 21. Qa3
Qb6 22. Rc1 Rc7 23. Qa5 Qxa5 24. bxa5 Rxb3 25. axb3 Bf5 26. b4 d3 27. exd3 Bxd3
28. Bf1 Bb2 29. Re1 Bxf1 1/2-1/2

[Event "32. Copenhagen Open (Politiken Cup)"]
[Site "Elsinore"]
[Date "2010.08.08"]
[Round "10"]
[White "Hansen, Mads"]
[Black "Hjornevik, Knut Jarle"]
[Result "1-0"]
[WhiteElo "2165"]
[BlackElo "1981"]
[PlyCount "57"]
[EventDate "2010.07.31"]
[EventType "swiss"]
[EventRounds "10"]
[EventCountry "DEN"]
[Source "ChessBase"]
[SourceDate "2010.09.01"]

1. e4 c5 2. Nf3 g6 3. d4 cxd4 4. Nxd4 Bg7 5. Nc3 Nc6 6. Be3 Nf6 7. Bc4 O-O 8.
Bb3 Na5 9. e5 Ne8 10. Bxf7+ Kxf7 11. Ne6 dxe6 12. Qxd8 Nc6 13. Qd2 Nxe5 14. Bh6
Bxh6 15. Qxh6 Nf6 16. O-O-O Kg8 17. f3 b6 18. h4 Nh5 19. Qg5 Nc6 20. g4 Nf4 21.
h5 Rf7 22. hxg6 Nxg6 23. Rxh7 Kxh7 24. Rh1+ Kg7 25. Qh6+ Kf6 26. Ne4+ Ke5 27.
Rh5+ Kd4 28. Qd2+ Kc4 29. b3# 1-0

[Event "32. Copenhagen Open (Politiken Cup)"]
[Site "Elsinore"]
[Date "2010.08.08"]
[Round "10"]
[White "Hansen, Morten Moller"]
[Black "Nielsen, Kai Gylling"]
[Result "1/2-1/2"]
[WhiteElo "2154"]
[BlackElo "1891"]
[PlyCount "80"]
[EventDate "2010.07.31"]
[EventType "swiss"]
[EventRounds "10"]
[EventCountry "DEN"]
[Source "ChessBase"]
[SourceDate "2010.09.01"]

1. d4 Nf6 2. c4 e6 3. Nf3 d5 4. Bg5 Be7 5. Nc3 h6 6. Bh4 Nc6 7. e3 a6 8. Rc1
O-O 9. a3 Ne4 10. Bxe7 Nxe7 11. Nxe4 dxe4 12. Nd2 f5 13. g3 c6 14. b4 a5 15.
Qb3 Kh8 16. f3 exf3 17. Nxf3 Ng6 18. Bg2 e5 19. O-O e4 20. Ne1 Qg5 21. Rc2 axb4
22. axb4 Bd7 23. Kh1 Ra7 24. Rcf2 Rfa8 25. Nc2 h5 26. Bh3 Ne7 27. Rg1 c5 28. b5
b6 29. d5 g6 30. Qc3+ Kh7 31. Rff1 Ng8 32. Ra1 Qf6 33. Qxf6 Nxf6 34. Rxa7 Rxa7
35. Ra1 Rxa1+ 36. Nxa1 Ne8 37. Bf1 Nd6 38. Kg2 g5 39. Kf2 Kg6 40. Nb3 Kf6
1/2-1/2

[Event "32. Copenhagen Open (Politiken Cup)"]
[Site "Elsinore"]
[Date "2010.08.08"]
[Round "10"]
[White "Hansen, Sune Berg"]
[Black "Schandorff, Lars"]
[Result "1-0"]
[WhiteElo "2595"]
[BlackElo "2491"]
[PlyCount "149"]
[EventDate "2010.07.31"]
[EventType "swiss"]
[EventRounds "10"]
[EventCountry "DEN"]
[Source "ChessBase"]
[SourceDate "2010.09.01"]

1. d4 d5 2. Bf4 Nf6 3. e3 c5 4. c3 Nc6 5. Nd2 cxd4 6. exd4 Bf5 7. Qb3 Qc8 8.
Ngf3 e6 9. Be2 Be7 10. O-O h6 11. h3 O-O 12. a4 Ne4 13. Nxe4 Bxe4 14. Nd2 Bg6
15. a5 Rd8 16. Rfe1 Bd6 17. Bxd6 Rxd6 18. Bb5 Ne7 19. Qa3 Qc7 20. Nf3 Rdd8 21.
Ne5 Bh7 22. Qa4 Ng6 23. Nf3 Ne7 24. Rad1 Nc8 25. Ne5 Nd6 26. Bd3 Bxd3 27. Nxd3
Nc4 28. Ra1 Rac8 29. Re2 Re8 30. Qb4 Qe7 31. Qb5 Qc7 32. Nc5 Re7 33. Qb4 Rce8
34. Nd3 e5 35. Qb5 exd4 36. Rxe7 Rxe7 37. cxd4 Qd7 38. Qc5 b6 39. axb6 axb6 40.
Qb4 Re6 41. Ra8+ Kh7 42. b3 Nd6 43. Qxb6 Qb5 44. Qxb5 Nxb5 45. Ra4 Re4 46. Kf1
Rxd4 47. Rxd4 Nxd4 48. b4 g5 49. Ne5 Kg7 50. Nd7 f5 51. Nb6 Kf7 52. Nxd5 Ke6
53. Nc3 h5 54. f4 g4 55. h4 Kd6 56. Kf2 Nc2 57. b5 Kc5 58. Ne2 Nb4 59. Ng3 Nd3+
60. Ke3 Ne1 61. Kf2 Nd3+ 62. Kf1 Nxf4 63. Nxf5 Kxb5 64. Kf2 Nd5 65. Ng7 Nf6 66.
Ke3 Kc4 67. Kf4 Kd3 68. Nxh5 Nxh5+ 69. Kxg4 Nf6+ 70. Kf5 Nd5 71. h5 Ne3+ 72.
Kg5 Nc4 73. h6 Ke4 74. h7 Ne5 75. Kf6 1-0

[Event "32. Copenhagen Open (Politiken Cup)"]
[Site "Elsinore"]
[Date "2010.08.08"]
[Round "10"]
[White "Harstad, Christian"]
[Black "Veng, Johny"]
[Result "0-1"]
[WhiteElo "2044"]
[BlackElo "2294"]
[PlyCount "122"]
[EventDate "2010.07.31"]
[EventType "swiss"]
[EventRounds "10"]
[EventCountry "DEN"]
[Source "ChessBase"]
[SourceDate "2010.09.01"]

1. d4 Nf6 2. c4 g6 3. Nc3 d5 4. Nf3 Bg7 5. Bg5 Ne4 6. Bh4 Nxc3 7. bxc3 dxc4 8.
Qa4+ c6 9. Qxc4 Qa5 10. e3 Na6 11. Be2 Be6 12. Qd3 Nc5 13. Qc2 Bf5 14. Qb2 Ne4
15. Qb4 Qxb4 16. cxb4 Nc3 17. Bc4 a5 18. bxa5 Rxa5 19. Rc1 Nxa2 20. Ra1 Ra4 21.
Bb3 Ra3 22. Nd2 Be6 23. Bxe6 fxe6 24. Nc4 Ra6 25. O-O Kf7 26. f4 Rha8 27. Rfb1
b5 28. Nd2 Nc3 29. Rxa6 Rxa6 30. Rb3 Nd5 31. Kf1 h6 32. Be1 Ra2 33. Ke2 g5 34.
g3 gxf4 35. gxf4 Kg6 36. Kd3 Ra1 37. Bg3 Rc1 38. Ne4 Nb6 39. Rc3 Rxc3+ 40. Kxc3
Kf5 41. Kd3 Na4 42. Nd2 Kg4 43. Be1 Kh3 44. Nf3 Nb6 45. Bb4 Nd5 46. Be1 Kg2 47.
Ke2 b4 48. Nd2 Nc3+ 49. Kd3 Kxh2 50. Nc4 h5 51. Na5 Nd5 52. Nxc6 b3 53. e4
Nxf4+ 54. Kd2 Bf6 55. e5 Bg5 56. Kc3 b2 57. Kc2 Nd3 58. Bb4 Nxb4+ 59. Nxb4 h4
60. d5 exd5 61. Nxd5 h3 0-1

[Event "32. Copenhagen Open (Politiken Cup)"]
[Site "Elsinore"]
[Date "2010.08.08"]
[Round "10"]
[White "Hatzipanteli, Theodora"]
[Black "Jensen, Steen Dahlgaard"]
[Result "1-0"]
[WhiteElo "1572"]
[BlackElo "1789"]
[PlyCount "95"]
[EventDate "2010.07.31"]
[EventType "swiss"]
[EventRounds "10"]
[EventCountry "DEN"]
[Source "ChessBase"]
[SourceDate "2010.09.01"]

1. e4 e5 2. Nf3 Nc6 3. Bb5 a6 4. Ba4 Nf6 5. O-O b5 6. Bb3 d6 7. Re1 Be7 8. c3
Na5 9. Bc2 c5 10. d4 Qc7 11. h3 O-O 12. d5 Ne8 13. Nbd2 f5 14. Nh2 Bg5 15. Qh5
Bxd2 16. Bxd2 f4 17. Rad1 Qe7 18. Qe2 Nb7 19. Bc1 Rf6 20. Rd2 Rg6 21. Qf3 Bd7
22. Bd1 Qh4 23. Qh5 Qxh3 24. Qxg6 Qxh2+ 25. Kxh2 hxg6 26. Rh1 Nf6 27. f3 Nh5
28. Re1 Ng3 29. Be2 Kf7 30. Kg1 c4 31. Kf2 Nc5 32. Rg1 Rh8 33. Rdd1 g5 34. Ke1
Ke7 35. Kd2 Kd8 36. Ke1 Bc8 37. Rd2 Nd7 38. b3 cxb3 39. axb3 Kc7 40. Rc2 Nc5
41. Rb2 Kb6 42. c4 b4 43. Kd1 Nd7 44. Bd2 Kc5 45. Be1 Kd4 46. Kd2 Nxe4+ 47.
fxe4 Kxe4 48. Bd3+ 1-0

[Event "32. Copenhagen Open (Politiken Cup)"]
[Site "Elsinore"]
[Date "2010.08.08"]
[Round "10"]
[White "Haubro, Martin"]
[Black "Christiansen, Jens Jorgen"]
[Result "0-1"]
[WhiteElo "1991"]
[BlackElo "2156"]
[PlyCount "66"]
[EventDate "2010.07.31"]
[EventType "swiss"]
[EventRounds "10"]
[EventCountry "DEN"]
[Source "ChessBase"]
[SourceDate "2010.09.01"]

1. e4 c6 2. d4 d5 3. f3 e6 4. Nc3 Bb4 5. Qd3 Ne7 6. Nge2 b6 7. Be3 Ba6 8. Qd2
Nd7 9. a3 Bxc3 10. bxc3 O-O 11. g4 dxe4 12. fxe4 Nf6 13. e5 Ne4 14. Qc1 Nd5 15.
h4 Bxe2 16. Bxe2 Ng3 17. Rh3 Nxe2 18. Kxe2 Nxc3+ 19. Kd3 Nb5 20. Qb2 f6 21. c4
Nc7 22. Qh2 b5 23. exf6 bxc4+ 24. Kc2 gxf6 25. g5 Nb5 26. Qg2 Qd5 27. Qg4 f5
28. Qf4 Qg2+ 29. Bd2 Qxh3 30. g6 Qd3+ 31. Kc1 Qxd4 32. gxh7+ Kh8 33. Bc3 Qxc3+
0-1

[Event "32. Copenhagen Open (Politiken Cup)"]
[Site "Elsinore"]
[Date "2010.08.08"]
[Round "10"]
[White "Haubro, Sigfred"]
[Black "Carstensen, Jacob"]
[Result "0-1"]
[WhiteElo "2166"]
[BlackElo "2295"]
[PlyCount "76"]
[EventDate "2010.07.31"]
[EventType "swiss"]
[EventRounds "10"]
[EventCountry "DEN"]
[Source "ChessBase"]
[SourceDate "2010.09.01"]

1. Nf3 Nf6 2. g3 d5 3. d4 e6 4. Bg2 Be7 5. O-O O-O 6. Nbd2 c5 7. b3 cxd4 8. Bb2
Nc6 9. Nxd4 Qb6 10. Nxc6 bxc6 11. c4 a5 12. Rb1 Ba6 13. Qc2 Rad8 14. e3 c5 15.
Rfc1 d4 16. exd4 cxd4 17. c5 Qc7 18. a3 e5 19. b4 Rb8 20. Ba1 Rfd8 21. Nc4 axb4
22. axb4 Nd5 23. Bxd5 Rxd5 24. Nb6 Rdd8 25. b5 Bb7 26. Na4 Bf3 27. Qf5 e4 28.
c6 g6 29. Qf4 Qc8 30. g4 Bd6 31. Qg5 f6 32. Qh4 g5 33. Qh5 Bxg4 34. Qh6 Bf3 35.
h3 Qf5 36. Bxd4 Qf4 37. Kf1 Qh2 38. Ke1 Bf4 0-1

[Event "32. Copenhagen Open (Politiken Cup)"]
[Site "Elsinore"]
[Date "2010.08.08"]
[Round "10"]
[White "Hillarp Persson, Tiger"]
[Black "Bejtovic, Jasmin"]
[Result "1/2-1/2"]
[WhiteElo "2538"]
[BlackElo "2382"]
[PlyCount "199"]
[EventDate "2010.07.31"]
[EventType "swiss"]
[EventRounds "10"]
[EventCountry "DEN"]
[Source "ChessBase"]
[SourceDate "2010.09.01"]

1. d4 Nf6 2. c4 g6 3. Nc3 Bg7 4. e4 d6 5. h3 O-O 6. Bg5 h6 7. Be3 e5 8. d5 a5
9. Qd2 Kh7 10. Bd3 Na6 11. Nge2 c6 12. g4 cxd5 13. cxd5 Nc5 14. Ng3 Nfd7 15.
Be2 a4 16. h4 Nf6 17. f3 Bd7 18. h5 g5 19. O-O Qa5 20. Nd1 Rfc8 21. Qxa5 Rxa5
22. Bd2 Raa8 23. Ne3 b5 24. Rfc1 Bf8 25. Nef5 Ne8 26. Rab1 Nc7 27. Kf1 f6 28.
Ne3 Kg8 29. Nc2 Kf7 30. Nb4 Ke8 31. Ke1 Rcb8 32. Kd1 Rb7 33. Nf1 Rc8 34. b3 Ra8
35. Nc6 axb3 36. axb3 Bxc6 37. dxc6 Rba7 38. b4 N5e6 39. Ne3 Ra3 40. Nf5 R8a6
41. Rb2 Ra1 42. Rbc2 Rxc1+ 43. Rxc1 Kd8 44. Bd3 Kc8 45. Ne3 Nd4 46. Nd5 Rxc6
47. Rxc6 Nxc6 48. Nxf6 Nd4 49. Be2 Nxe2 50. Kxe2 Kd8 51. Kd3 Ne6 52. Nd5 Kd7
53. Be3 Kc6 54. Bd2 Kd7 55. Bc1 Kc6 56. Bb2 Kd7 57. Ne3 Nf4+ 58. Kd2 Ne6 59.
Nf5 Kc6 60. Bc3 Kd7 61. Ke3 Kc6 62. Bd2 Kd7 63. Kd3 Kc6 64. Be3 Kd7 65. Ba7 Kc6
66. Bb8 Nf4+ 67. Ke3 Ne6 68. Kd2 Kd7 69. Ke3 Kc6 70. Kd3 Nf4+ 71. Kc3 Ne6 72.
Kc2 Kd7 73. Kd2 Kc6 74. Ke2 Nf4+ 75. Ke3 Ne6 76. Kd2 Kd7 77. Ba7 Kc6 78. Bf2
Kd7 79. Be3 Kc6 80. Kd3 Kd7 81. Bd2 Kc6 82. Bc3 Nf4+ 83. Kd2 Ne6 84. Ne3 Kd7
85. Nd5 Kc6 86. Kd3 Kd7 87. Be1 Bg7 88. Bf2 Kc6 89. Bb6 Bf8 90. Ba5 Bg7 91. Ke3
Bf8 92. Nb6 Kb7 93. Nd5 Kc6 94. Kd3 Kb7 95. Bb6 Kc6 96. Be3 Kd7 97. Nb6+ Kc7
98. Kc3 Bg7 99. Kd3 Bf8 100. Nd5+ 1/2-1/2

[Event "32. Copenhagen Open (Politiken Cup)"]
[Site "Elsinore"]
[Date "2010.08.08"]
[Round "10"]
[White "Holm, Kristian Stuvik"]
[Black "Laursen, Niels Norskov"]
[Result "0-1"]
[WhiteElo "2086"]
[BlackElo "2215"]
[PlyCount "58"]
[EventDate "2010.07.31"]
[EventType "swiss"]
[EventRounds "10"]
[EventCountry "DEN"]
[Source "ChessBase"]
[SourceDate "2010.09.01"]

1. d4 Nf6 2. c4 g6 3. Nc3 Bg7 4. e4 d6 5. f4 O-O 6. Nf3 c5 7. d5 e6 8. Be2 exd5
9. cxd5 Bg4 10. O-O Nbd7 11. Re1 Re8 12. h3 Bxf3 13. Bxf3 Qa5 14. Be3 b5 15. a3
Nb6 16. e5 Nc4 17. exf6 Nxe3 18. Rxe3 Rxe3 19. fxg7 Rae8 20. Kh2 a6 21. Qc2 Qd8
22. Rf1 Qf6 23. g3 Qd4 24. Qf2 Qd3 25. Kg2 b4 26. axb4 cxb4 27. Rd1 Qc4 28. Ne4
R8xe4 29. Bxe4 Qxe4+ 0-1

[Event "32. Copenhagen Open (Politiken Cup)"]
[Site "Elsinore"]
[Date "2010.08.08"]
[Round "10"]
[White "Hvenekilde, Jorgen"]
[Black "Jorgensen, Michael"]
[Result "0-1"]
[WhiteElo "2111"]
[BlackElo "2230"]
[PlyCount "64"]
[EventDate "2010.07.31"]
[EventType "swiss"]
[EventRounds "10"]
[EventCountry "DEN"]
[Source "ChessBase"]
[SourceDate "2010.09.01"]

1. d4 f5 2. g3 Nf6 3. Bg2 g6 4. Nh3 Bg7 5. Nc3 Nc6 6. d5 Ne5 7. Nf4 c6 8. h4
cxd5 9. Ncxd5 Nxd5 10. Nxd5 Nf7 11. Bd2 e6 12. Bc3 Bxc3+ 13. Nxc3 Qf6 14. Qd2
Rb8 15. O-O-O O-O 16. f4 b5 17. e4 b4 18. Ne2 fxe4 19. Bxe4 a5 20. h5 g5 21. h6
a4 22. Rh5 a3 23. Qd4 axb2+ 24. Qxb2 Qxb2+ 25. Kxb2 d5 26. Bd3 e5 27. fxe5 Bg4
28. Rh2 Nxe5 29. Kc1 Rf3 30. Ba6 Rb6 31. Rxd5 Rxa6 32. Nd4 Nc4 0-1

[Event "32. Copenhagen Open (Politiken Cup)"]
[Site "Elsinore"]
[Date "2010.08.08"]
[Round "10"]
[White "Hyldkrog, Lars"]
[Black "Justinussen, Sigurd B"]
[Result "1/2-1/2"]
[WhiteElo "2044"]
[BlackElo "1941"]
[PlyCount "53"]
[EventDate "2010.07.31"]
[EventType "swiss"]
[EventRounds "10"]
[EventCountry "DEN"]
[Source "ChessBase"]
[SourceDate "2010.09.01"]

1. e4 e5 2. Nf3 Nc6 3. Bb5 a6 4. Bxc6 dxc6 5. O-O Bg4 6. h3 h5 7. d3 Bxf3 8.
Qxf3 Qd7 9. Be3 O-O-O 10. Nd2 f6 11. Nc4 g5 12. Qe2 Nh6 13. a4 h4 14. f3 Rg8
15. Rad1 Qe6 16. Bf2 c5 17. c3 Nf7 18. Ne3 Bd6 19. Nf5 Rg6 20. d4 exd4 21. cxd4
cxd4 22. Rxd4 Qe5 23. Nxd6+ Rxd6 24. Qc4 Qe6 25. Rc1 Qxc4 26. Rdxc4 c6 27. b4
1/2-1/2

[Event "32. Copenhagen Open (Politiken Cup)"]
[Site "Elsinore"]
[Date "2010.08.08"]
[Round "10"]
[White "Jacobsen, Per"]
[Black "Andersen, Claus"]
[Result "0-1"]
[WhiteElo "1689"]
[BlackElo "1839"]
[PlyCount "52"]
[EventDate "2010.07.31"]
[EventType "swiss"]
[EventRounds "10"]
[EventCountry "DEN"]
[Source "ChessBase"]
[SourceDate "2010.09.01"]

1. b3 e5 2. Bb2 Nc6 3. e3 Nf6 4. Bb5 d6 5. d4 exd4 6. exd4 Bd7 7. Nf3 Qe7+ 8.
Qe2 Qxe2+ 9. Bxe2 Nb4 10. Na3 Be7 11. O-O O-O 12. c3 Nbd5 13. Bc4 Nf4 14. Rae1
Rae8 15. Nb5 Bxb5 16. Bxb5 c6 17. Bc4 d5 18. Be2 Bd6 19. Bd1 Nd3 20. Rxe8 Rxe8
21. Ba1 Ba3 22. Bc2 Nc1 23. Bb1 Re2 24. Re1 Ne4 25. Rxe2 Nxe2+ 26. Kf1 N2xc3
0-1

[Event "32. Copenhagen Open (Politiken Cup)"]
[Site "Elsinore"]
[Date "2010.08.08"]
[Round "10"]
[White "Jensen, Hans Askov"]
[Black "Gundersen, Ingvar"]
[Result "0-1"]
[WhiteElo "1600"]
[BlackElo "1779"]
[PlyCount "38"]
[EventDate "2010.07.31"]
[EventType "swiss"]
[EventRounds "10"]
[EventCountry "DEN"]
[Source "ChessBase"]
[SourceDate "2010.09.01"]

1. e4 c5 2. Nc3 e6 3. f4 a6 4. Nf3 Qc7 5. d3 b5 6. b3 Nc6 7. Ne2 Bb7 8. Bb2 Nf6
9. Qd2 h5 10. h3 O-O-O 11. Qe3 d5 12. e5 d4 13. Qd2 Nd5 14. c3 Ne3 15. cxd4
cxd4 16. Nexd4 Bb4 17. Bc3 Bxc3 18. Qxc3 Nxd4 19. Qxc7+ Kxc7 0-1

[Event "32. Copenhagen Open (Politiken Cup)"]
[Site "Elsinore"]
[Date "2010.08.08"]
[Round "10"]
[White "Jensen, Ib"]
[Black "Thingstad, Even"]
[Result "1/2-1/2"]
[WhiteElo "1970"]
[BlackElo "2142"]
[PlyCount "99"]
[EventDate "2010.07.31"]
[EventType "swiss"]
[EventRounds "10"]
[EventCountry "DEN"]
[Source "ChessBase"]
[SourceDate "2010.09.01"]

1. d4 d5 2. Nf3 Nf6 3. Bf4 c5 4. c3 Qb6 5. Qb3 c4 6. Qxb6 axb6 7. Nbd2 b5 8.
Bxb8 Rxb8 9. a3 Bf5 10. g3 e6 11. Bg2 Bd6 12. O-O h6 13. Rfe1 Ne4 14. Nxe4 Bxe4
15. Nd2 Bxg2 16. Kxg2 f5 17. Nf3 g5 18. h4 Ke7 19. hxg5 hxg5 20. Rh1 Kf6 21.
Rxh8 Rxh8 22. Rh1 Rxh1 23. Kxh1 g4 24. Nd2 f4 25. gxf4 Bxf4 26. e3 Bd6 27. Kg2
Kf5 28. Kf1 Be7 29. Ke2 Bf6 30. Nf1 Bh4 31. Nd2 Be7 32. Nf1 Kg5 33. Nd2 Bd6 34.
Nf1 Kh4 35. Nd2 Kh3 36. e4 Bf4 37. exd5 exd5 38. Nf1 Kg2 39. Ne3+ Bxe3 40. Kxe3
g3 41. fxg3 Kxg3 42. Ke2 Kf4 43. Kf2 Ke4 44. Ke2 b6 45. Kd2 Kf3 46. Kd1 Ke3 47.
Ke1 Kd3 48. Kd1 Ke3 49. Ke1 Kd3 50. Kd1 1/2-1/2

[Event "32. Copenhagen Open (Politiken Cup)"]
[Site "Elsinore"]
[Date "2010.08.08"]
[Round "10"]
[White "Jensen, Leif Norholm"]
[Black "Dam, Vagnur"]
[Result "1-0"]
[WhiteElo "1810"]
[BlackElo "1673"]
[PlyCount "67"]
[EventDate "2010.07.31"]
[EventType "swiss"]
[EventRounds "10"]
[EventCountry "DEN"]
[Source "ChessBase"]
[SourceDate "2010.09.01"]

1. f4 d5 2. Nf3 Nf6 3. b3 e6 4. Bb2 Be7 5. e3 c5 6. Be2 O-O 7. O-O Nc6 8. Ne5
a6 9. d3 Nd7 10. Nxc6 bxc6 11. Bf3 Qb6 12. c4 Bb7 13. Nd2 Bf6 14. Bxf6 Nxf6 15.
e4 dxe4 16. dxe4 Rfd8 17. e5 Ne8 18. Qe2 Rd4 19. Ne4 Rad8 20. Rad1 a5 21. Bh5
R8d7 22. f5 Rxe4 23. Qxe4 Qd8 24. Rxd7 Qxd7 25. Rd1 Qe7 26. fxe6 Qxe6 27. Rd8
g6 28. Bf3 Kg7 29. Bg4 Qe7 30. Rd7 Qg5 31. Rxb7 Qc1+ 32. Kf2 Qd2+ 33. Kg3 Qg5
34. Qf4 1-0

[Event "32. Copenhagen Open (Politiken Cup)"]
[Site "Elsinore"]
[Date "2010.08.08"]
[Round "10"]
[White "Jensen, Morten Frank"]
[Black "Marshall, Michael"]
[Result "1-0"]
[WhiteElo "2005"]
[BlackElo "1901"]
[PlyCount "67"]
[EventDate "2010.07.31"]
[EventType "swiss"]
[EventRounds "10"]
[EventCountry "DEN"]
[Source "ChessBase"]
[SourceDate "2010.09.01"]

1. e4 c5 2. a3 e6 3. b4 Qc7 4. Bb2 d6 5. f4 Nf6 6. Nc3 Nbd7 7. Nf3 a6 8. bxc5
Nxc5 9. e5 dxe5 10. fxe5 Nfe4 11. d4 Nxc3 12. Bxc3 Na4 13. Bd2 Nb2 14. Qb1 Nc4
15. Bc1 Be7 16. Bd3 O-O 17. O-O b5 18. a4 Bd7 19. axb5 Bxb5 20. Ng5 Bxg5 21.
Bxg5 Qd7 22. c3 h6 23. Bxh6 gxh6 24. Rf6 Kg7 25. Qc1 Rh8 26. Be4 Bc6 27. Bxc6
Qxc6 28. Qf4 Ra7 29. Rf1 Qb7 30. Qg4+ Kf8 31. Qxe6 Rg8 32. Rxf7+ Qxf7 33. Rxf7+
Rxf7 34. Qxc4 1-0

[Event "32. Copenhagen Open (Politiken Cup)"]
[Site "Elsinore"]
[Date "2010.08.08"]
[Round "10"]
[White "Jepson, Christian"]
[Black "Kovchan, Alexander"]
[Result "0-1"]
[WhiteElo "2394"]
[BlackElo "2571"]
[PlyCount "94"]
[EventDate "2010.07.31"]
[EventType "swiss"]
[EventRounds "10"]
[EventCountry "DEN"]
[Source "ChessBase"]
[SourceDate "2010.09.01"]

1. d4 Nf6 2. c4 g6 3. Nc3 d5 4. cxd5 Nxd5 5. Bd2 Nb6 6. Bg5 Bg7 7. e3 c5 8.
dxc5 Bxc3+ 9. bxc3 N6d7 10. Nf3 Qa5 11. Qb3 Nxc5 12. Qb4 Nc6 13. Qxa5 Nxa5 14.
Nd4 f6 15. Bh4 Bd7 16. f3 Na4 17. Nb3 Nxb3 18. axb3 Nxc3 19. Kd2 Nb5 20. Bxb5
Bxb5 21. Rhd1 Kf7 22. Kc3 a6 23. Bf2 Rac8+ 24. Kb2 g5 25. e4 Rhd8 26. Bb6 Rd3
27. Ba5 h5 28. Rxd3 Bxd3 29. Bc3 g4 30. e5 fxe5 31. Re1 e4 32. fxe4 Ke6 33. h3
Rf8 34. Bd4 gxh3 35. gxh3 Rf4 36. Kc3 Bxe4 37. Bb6 Kf5 38. Re3 e5 39. Bc7 Rf2
40. Bd8 Kf4 41. Bb6 Rh2 42. Kb4 Bf5 43. Re1 Rxh3 44. Bc7 Be4 45. Rd1 Rd3 46.
Rf1+ Rf3 47. Rh1 Rxb3+ 0-1